Statistics for Win the Taiwanese election in 30 seconds

Click here to take the quiz!

General Stats

  • This quiz has been taken 24 times
  • The average score is 5 of 13

Answer Stats

PopulationAnswer% Correct
2,661,317Taipei
100%
4,000,164New Taipei
65%
1,883,078Tainan
55%
2,773,329Kaohsiung
50%
2,809,004Taichung
40%
268,474Chiayi
25%
446,701Hsinchu
25%
369,820Keelung
25%
2,230,653Taoyuan
25%
127,723Kinmen
15%
232,505Changhua
10%
12,506Matsu
10%
101,758Penghu
10%

Score Distribution

Percentile by Number Answered

Percent of People with Each Score

Your Score History

You have not taken this quiz